000 00580nam a2200229Ia 4500
003 OSt
005 20221005122147.0
006 a|||||r|||| 00| 0
007 ta
008 221004b |||||||| |||| 00| 0 eng d
024 _a52952
037 _cTextual
040 _aCRL
_cCRL
_beng
041 _2eng
_aeng
082 _aQ8451, K1
100 _aPithawalla Maneck B
245 0 _aIntroducing zoroastrianism with 52 weekly sermons
260 _c1961
650 _aRELIGION
942 _hQ8451, K1
_cTEXL
_2cc
999 _c1043446
_d1043446